Les trophées des music shows de BTS - Statistiques

Statistiques générales
  • Ce quiz a été pris 40 fois
    4 depuis la dernière actualisation
  • Le résultat moyen est 14 sur 18
Statistiques - réponses
Nombres de trophées Title tracks % Correct
6 Blood Sweat & Tears
100%
21 Boy With Luv
100%
13 Butter
100%
10 DNA
100%
32 Dynamite
100%
12 Fake Love
100%
3 Fire
100%
5 I Need U
100%
16 On
100%
5 Run
100%
4 Spring Day
100%
8 Idol
75%
14 Swim
75%
9 Yet To Come
75%
1 2.0
25%
9 Life Goes On
25%
8 Permission To Dance
25%
3 Take Two
0%
Aucun quiz correspondant
Distribution des résultats
% des personnes avec chaque résultat
Percentile par nombre de réponses
Votre historique - résultats
Vous n’avez pas pris ce quiz depuis la dernière actualisation